| 000 | 00659nam a22002177a 4500 | ||
|---|---|---|---|
| 003 | UA-OsUOA | ||
| 001 | 72114 | ||
| 007 | ta | ||
| 008 | 20101223b un ||||| |||| 00| 0 ukr d | ||
| 090 |
_a82.09(091) _bІ-90 |
||
| 942 | _cBK | ||
| 040 |
_aUA-OsUOA _bukr _cUA-OsUOA _dUA-OsUOA |
||
| 245 |
_aІсторія української літератури (перша пол. ХІХ ст.) _cЗа ред. Скрипника І. П. |
||
| 300 | _a325 с. | ||
| 955 | _a2 | ||
| 041 | _aukr | ||
| 080 | _a82.09(091) | ||
| 260 |
_aК. _bВища школа _c1980 |
||
| 650 | 7 |
_a82 Література. Літературознавство _2UDC |
|
| 999 |
_c358400 _d358400 |
||